00770nam a2200241Ia 4500001000600000003000900006008004100015040001300056040001300069041001300082100001800095100002900113245003100142245004200173250001100215260001100226260001800237260004900255300005700304500011300361650002300474650003100497 6323IT-RoPAU130308s9999 xx 000 0 und d aIT-RoPAU cIT-RoPAU aITALIANO aLa Pietra Ugo gCodice Aut. SPICS: 4863 aPercorso della mostra (Il) bForme Scenografiche della Televisione a1a ed. aMILANO bAngeli Franco c1982 [1° Ed.:1982 - Ed.Ling.Originale:1982] a"25 p. (prefazione: no ; testo: 25 [pagine: 63-87])" aIngresso Studio Televisivo Multivision Effetti tecnici Spazio Ritrovato Spazio costruito Triennale di Milano aTECNICA TELEVISIVA eCodice materia Spics: 6952